1114 1526 1510 1651 1333 1349 1260 1982 1994 1057 1848 1711 1542 1824 1411 1727 1576 1762 1315 1385 1292 1165 1403 1369 1630 1552 1292 1461 1091 1122 1776 1027 1101 1439 1202 1065 1559 1046 1378 1359 1844 1484 1173 1970 1229 1767 1942 1357 1584 1460 1621 1280 1757 1141 1744 1141 1411 1723 1571 1850 1785 1806 1410 1769 1959 1780 1755 1759 1386 1646 1401 1717 1413 1398 1131 1785 1864 1642 1754 1267 1640 1292 1105 1906 1952 1622 1339 1165 1779 1737 1810 1826 1112 1947 1879 1579 1260 1914 1922 BCNSPRNW ULIB Ver.6.0+V

เปลี่ยนเป็นภาษาไทย

Change to English
 แสดงรายละเอียดบรรณานุกรม
  กลับหน้าหลัก

Brief Record : Get Marc (ISO 2709) : E-mail record : QR code < ปิดหน้าต่าง
LEADER : 00000nam 2200000uu 4500
001    13399127423
003     ULIB
008    200520s2562||||th 000 0 tha d
020 ^- ^a9786161828837
050 ^- ^aBF441^bพ22ท
100 1^ ^aพก, จูฮวัน.
245 10 ^aทุกอย่างในชีวิต เริ่มจากความคิดที่เป็นระเบียบ /^cพก จูฮวัน เขียน ; ภัททิรา จิตต์เกษม แปล.
246 13 ^aThinking organize skill
250 ^- ^aพิมพ์ครั้งที่ 2.
260 ^- ^aกรุงเทพฯ :^bอมรินทร์ฮาวทู,^c2562
300 ^- ^a232 หน้า :^bภาพประกอบ,^c21 ซม.
500 ^- ^aพิมพ์ซ้ำกับฉบับพิมพ์ครั้งแรก 2562.แปลจาก: Saenggak jeongni seukil.
650 ^4 ^aความคิดและการคิด.การวางแผน.เทคนิค.
700 0^ ^aภัททิรา จิตต์เกษม.
945    ^p235^l0^i007097
999    ^aประนอม เกษจรัล
รายการนี้ยังไม่มีแท็ก
คุณยังไม่ได้ล็อกอิน คุณสามารถมีกิจกรรมร่วมกับเว็บไซต์ได้ แต่ต้องล็อกอินก่อน ::
  ล็อกอิน

รายการสื่อสารสนเทศ

ลำดับที่ ประเภท เลขเรียก/บาร์โค้ด สถานที่ สถานะ
1. การศึกษาทั่วไป
การศึกษาทั่วไป
BF441 พ22ท ฉ.1 
  Barcode: 007097
ห้องสมุดวิทยาเขตสวรรค์ประชารักษ์
►หนังสือทั่วไป
บนชั้น

รายการใกล้เคียง
    ผู้แต่ง [พก, จูฮวัน.]

    หัวเรื่อง [ความคิดและการคิด.การวางแผน.เทคนิค.]

BibComment


ยังไม่เคยถูกคอมเมนท์

คอมเมนท์ทรัพยากรรายการนี้
  คอมเมนท์: ทุกอย่างในชีวิต ..


 Copyright 2026. Bcnsprnw @Library